[Event "Fremont Weibel tt"]
[Site "Fremont"]
[Date "2006.04.28"]
[Round "?"]
[White "Kwok, Eugene"]
[Black "Leong, Kevin"]
[Result "1-0"]
[WhiteElo "1100"]
[BlackElo "1264"]
[PlyCount "23"]
[EventDate "2006.01.06"]
[EventType "team"]
[EventRounds "5"]
[EventCountry "USA"]
[SourceTitle "EXT 2009"]
[Source "ChessBase"]
[SourceDate "2008.11.26"]
[SourceVersion "1"]
[SourceVersionDate "2008.11.26"]
[SourceQuality "1"]

1. e4 e5 2. d4 exd4 3. c3 d5 4. exd5 Qxd5 5. cxd4 Nc6 6. Nf3 Bg4 7. Be2 0-0-0 8. Nc3 Qd7 9. Be3 Bd6 10. d5 Nce7 11. Bxa7 b6 12. Ba6# 1-0

[Event "Fremont Weibel tt"]
[Site "Fremont"]
[Date "2006.01.27"]
[Round "?"]
[White "Yieh, Pierson"]
[Black "Kwok, Eugene"]
[Result "0-1"]
[WhiteElo "580"]
[BlackElo "1100"]
[PlyCount "30"]
[EventDate "2006.01.06"]
[EventType "team"]
[EventRounds "5"]
[EventCountry "USA"]
[SourceTitle "EXT 2009"]
[Source "ChessBase"]
[SourceDate "2008.11.26"]
[SourceVersion "1"]
[SourceVersionDate "2008.11.26"]
[SourceQuality "1"]

1. e4 e5 2. Nf3 d5 3. d4 dxe4 4. dxe5 Qxd1+ 5. Kxd1 exf3 6. Bb5+ Bd7 7. Bc4 Nc6 8. Re1 fxg2 9. Bg5 f6 10. exf6+ Nge7 11. fxe7 Bxe7 12. Bxe7 Nxe7 13. Rg1 0-0-0 14. Rxg2 Bg4+ 15. Ke1 Rd1# 0-1